[Event "North American-ch U12 Girls"]
[Site "Montreal"]
[Date "2010.08.18"]
[Round "5"]
[White "Virkud, Apurva"]
[Black "Lu, Jennifer"]
[Result "0-1"]
[WhiteElo "1828"]
[BlackElo "1370"]
[PlyCount "80"]
[EventDate "2010.08.16"]
[EventType "swiss"]
[EventRounds "7"]
[EventCountry "CAN"]
[SourceTitle "EXT 2013"]
[Source "ChessBase"]
[SourceDate "2012.11.22"]
[SourceVersion "1"]
[SourceVersionDate "2012.11.22"]
[SourceQuality "1"]

1. d4 d5 2. c4 c6 3. Nc3 Nf6 4. e3 Bf5 5. Nf3 h6 6. Be2 e6 7. 0-0 Bd6 8. Bd2 0-0 9. Rc1 Nbd7 10. a3 a5 11. h3 b6 12. Qb3 Rb8 13. Qd1 Ne4 14. cxd5 cxd5 15. Re1 Ndf6 16. Ne5 Nxc3 17. Bxc3 Rc8 18. Bf3 Nh7 19. Bg4 Qg5 20. Bxf5 Qxf5 21. Nd7 Rfe8 22. Nxb6 Rcd8 23. Bxa5 Rb8 24. b4 Ng5 25. Qg4 Qd3 26. a4 Bxb4 27. Bxb4 Rxb6 28. Bc5 Rc6 29. Qe2 Qg6 30. Kh1 Ra8 31. Ra1 Rca6 32. Qb2 Rxa4 33. Rxa4 Rxa4 34. Rc1 Ne4 35. Kg1 Ng5 36. Kh2 Ne4 37. Qb3 Ra8 38. Qc2 Qf6 39. f3 Ng5 40. Qe2 e5 0-1

[Event "North American-ch U12 Girls"]
[Site "Montreal"]
[Date "2010.08.16"]
[Round "2"]
[White "Lu, Jennifer"]
[Black "Herrera Ibarrola, Maria Fernanda"]
[Result "1-0"]
[WhiteElo "1370"]
[BlackElo "1047"]
[PlyCount "67"]
[EventDate "2010.08.16"]
[EventType "swiss"]
[EventRounds "7"]
[EventCountry "CAN"]
[SourceTitle "EXT 2013"]
[Source "ChessBase"]
[SourceDate "2012.11.22"]
[SourceVersion "1"]
[SourceVersionDate "2012.11.22"]
[SourceQuality "1"]

1. e4 g6 2. d4 Bg7 3. Nf3 c5 4. c4 Nc6 5. Be3 Nf6 6. Nc3 0-0 7. Be2 Qa5 8. 0-0 d6 9. h3 a6 10. d5 Na7 11. Qc2 b5 12. b3 Ne8 13. Rac1 e6 14. Bd2 exd5 15. exd5 Nc7 16. Nxb5 Qb6 17. Nxc7 Qxc7 18. Bf4 Bf5 19. Qd2 Rfe8 20. Bd3 Qd7 21. Bxf5 Qxf5 22. Bxd6 Qh5 23. Bxc5 Bh6 24. Be3 Bxe3 25. fxe3 Qh6 26. Qe2 Rxe3 27. Qd2 Rae8 28. Rce1 Kg7 29. Qd4+ Kg8 30. Qxa7 Rxe1 31. Nxe1 Qd2 32. Qxf7+ Kh8 33. Qxe8+ Kg7 34. Qf8# 1-0

[Event "North American-ch U12 Girls"]
[Site "Montreal"]
[Date "2010.08.16"]
[Round "1"]
[White "Peng, Jackie"]
[Black "Lu, Jennifer"]
[Result "1-0"]
[WhiteElo "1563"]
[BlackElo "1370"]
[PlyCount "69"]
[EventDate "2010.08.16"]
[EventType "swiss"]
[EventRounds "7"]
[EventCountry "CAN"]
[SourceTitle "EXT 2013"]
[Source "ChessBase"]
[SourceDate "2012.11.22"]
[SourceVersion "1"]
[SourceVersionDate "2012.11.22"]
[SourceQuality "1"]

1. e4 e6 2. d4 d5 3. Nc3 Bb4 4. e5 c5 5. a3 Bxc3+ 6. bxc3 Qc7 7. Nf3 Nc6 8. h4 cxd4 9. cxd4 Bd7 10. Be3 Nge7 11. Bd3 Na5 12. h5 h6 13. g4 Nc4 14. Bxc4 Qxc4 15. Rb1 b6 16. Nd2 Qc7 17. f4 Ba4 18. Nb3 Rc8 19. Rc1 Qc3+ 20. Qd2 Qb2 21. 0-0 Bxb3 22. cxb3 Qxb3 23. Rxc8+ Nxc8 24. f5 exf5 25. gxf5 0-0 26. f6 gxf6 27. Rxf6 Ne7 28. Kh2 Rc8 29. Qg2+ Kf8 30. Rxh6 Ng6 31. hxg6 Rc2 32. g7+ Ke7 33. g8Q Rxg2+ 34. Qxg2 Qxe3 35. Rh4 1-0